<?xml version="1.0" encoding="UTF-8"?>
<record
    xmlns:xsi="http://www.w3.org/2001/XMLSchema-instance"
    xsi:schemaLocation="http://www.loc.gov/MARC21/slim http://www.loc.gov/standards/marcxml/schema/MARC21slim.xsd"
    xmlns="http://www.loc.gov/MARC21/slim">

  <leader>00327pam a2200133 a 4500</leader>
  <datafield tag="020" ind1=" " ind2=" ">
    <subfield code="c"></subfield>
  </datafield>
  <datafield tag="041" ind1=" " ind2=" ">
    <subfield code="h"></subfield>
  </datafield>
  <datafield tag="082" ind1=" " ind2=" ">
    <subfield code="a">5.0000000000000003E-2</subfield>
    <subfield code="b">MAN</subfield>
  </datafield>
  <datafield tag="100" ind1=" " ind2=" ">
    <subfield code="a">Manoram, Year, Book</subfield>
  </datafield>
  <datafield tag="245" ind1=" " ind2=" ">
    <subfield code="a">Manorama Year Book 2013</subfield>
    <subfield code="h">Textual Documents</subfield>
  </datafield>
  <datafield tag="260" ind1=" " ind2=" ">
    <subfield code="a">Pune</subfield>
    <subfield code="b">Malayal-Manorama Publication</subfield>
    <subfield code="c">2013</subfield>
  </datafield>
  <datafield tag="300" ind1=" " ind2=" ">
    <subfield code="a">1038</subfield>
  </datafield>
  <datafield tag="930" ind1=" " ind2=" ">
    <subfield code="a">390</subfield>
  </datafield>
  <datafield tag="999" ind1=" " ind2=" ">
    <subfield code="c">107223</subfield>
    <subfield code="d">107223</subfield>
  </datafield>
  <datafield tag="952" ind1=" " ind2=" ">
    <subfield code="0">0</subfield>
    <subfield code="1">0</subfield>
    <subfield code="2">ddc</subfield>
    <subfield code="3">Reference Book</subfield>
    <subfield code="4">0</subfield>
    <subfield code="7">0</subfield>
    <subfield code="a">AKS</subfield>
    <subfield code="b">AKS</subfield>
    <subfield code="c">AKS-MBA-Ref-Rack-5</subfield>
    <subfield code="d">2013-03-13</subfield>
    <subfield code="e">Sarswati Book Depo</subfield>
    <subfield code="g">200.00</subfield>
    <subfield code="l">1</subfield>
    <subfield code="o">5.0000000000000003E-2 MAN</subfield>
    <subfield code="p">AKS-M-11902</subfield>
    <subfield code="r">2025-04-08 00:00:00</subfield>
    <subfield code="s">2025-03-28</subfield>
    <subfield code="t">1</subfield>
    <subfield code="w">2023-03-01</subfield>
    <subfield code="y">BK</subfield>
  </datafield>
</record>
